00575nam a2200181Ia 4500008004100000020001500041050002100056100004300077245007900120260002400199300001800223500006200241500000600303504003300309650001500342650001400357650002200371121028s2006 mx a 000 0 spa d a9682473659 aHD57.7bM86 2006 aMünch Galindo, Lourdescautoreautor aLiderazgo y direcciónb : el liderazgo del siglo XXIc / Lourdes Münch aMéxicob: Trillas a116 páginas aIncluye: introducción (pp. 5-6) glosario (pp. 111-113) a  6Bibliografía (pp. 115-116) 0aLIDERAZGO  0aAPTITUDES 0aADMINISTRACIÓN